000
00304nam a22001337a 4500
008
170526b xxu||||| |||| 00| 0 eng d
020
_a
9780471577959
041
_a
eng
080
_2
2ND
_a
62
100
_a
27
101
_a
IM
245
_a
STATE VARIABLES FOR ENGINEERS
_c
DERUSSO, P.M
942
_2
udc
_c
BK
999
_c
14371
_d
14371